Manual práctico de administración (Registro nro. 12433)
[ vista simple ]
| 000 -CABECERA | |
|---|---|
| campo de control de longitud fija | 02484nam a22007697a 4500 |
| 005 - FECHA Y HORA DE ACTUALIZACIÓN | |
| campo de control | 20191112185835.0 |
| 008 - LONGITUD FIJA | |
| campo de control de longitud fija | 191106b xxu||||| |||| 00| 0 spa d |
| 020 ## - INTERNATIONAL STANDARD BOOK NUMBER | |
| Número Internacional Estándar del Libro | 9789587621648 |
| 041 ## - IDIOMA | |
| Código de idioma del texto/pista de sonido o título separado | |
| 082 ## - CLASIFICACIÓN DECIMAL DEWEY | |
| Número de clasificación | 658 M891m |
| 100 ## - AUTOR PERSONAL | |
| Nombre de persona | Morueco, Raúl |
| 245 ## - TÍTULO PROPIAMENTE DICHO | |
| Título | Manual práctico de administración |
| 260 ## - PIE DE IMPRENTA | |
| Lugar de publicación, distribución, etc. | Colombia |
| 260 ## - PIE DE IMPRENTA | |
| Nombre del editor, distribuidor, etc. | Ediciones de la U |
| 260 ## - PIE DE IMPRENTA | |
| Fecha de publicación, distribución, etc. | 2013 |
| 300 ## - DESCRIPCIÓN FÍSICA | |
| Extensión | 394páginas |
| 650 ## - Materia General | |
| Materia general | DIRECCIÓN DE EMPRESAS |
| 650 ## - Materia General | |
| Materia general | ADMINISTRACIÓN DE EMPRESAS |
| 650 ## - Materia General | |
| Materia general | CLASIFICACIÓN DE EMPRESAS |
| 650 ## - Materia General | |
| Materia general | ORGANIZACIÓN EMPRESARIAL |
| 650 ## - Materia General | |
| Materia general | DEPARTAMENTO COMERCIAL |
| 650 ## - Materia General | |
| Materia general | DEPARTAMENTO FINANCIERO |
| 650 ## - Materia General | |
| Materia general | DEPARTAMENTO ADMINISTRATIVO |
| 650 ## - Materia General | |
| Materia general | DEPARTAMENTO DE RECURSOS HUMANOS |
| 650 ## - Materia General | |
| Materia general | DEPARTAMENTO DE PRODUCCIÓN |
| 650 ## - Materia General | |
| Materia general | FINANCIACIÓN |
| 650 ## - Materia General | |
| Materia general | CRÉDITOS BANCARIOS |
| 650 ## - Materia General | |
| Materia general | PATRIMONIO |
| 650 ## - Materia General | |
| Materia general | CONTABILIDAD |
| 650 ## - Materia General | |
| Materia general | ECONOMÍA |
| 650 ## - Materia General | |
| Materia general | FUNCIONES DE LA SECRETARIA |
| 650 ## - Materia General | |
| Materia general | PROFESIONAL DE SECRETARIADO |
| 650 ## - Materia General | |
| Materia general | ACTITUDES DE LA SECRETARIA |
| 650 ## - Materia General | |
| Materia general | ORGANIZACIÓN DEL TRABAJO |
| 650 ## - Materia General | |
| Materia general | AGENDA DE TRABAJO |
| 650 ## - Materia General | |
| Materia general | COMUNICACIÓN ESCRITA |
| 650 ## - Materia General | |
| Materia general | COMUNICACIÓN INTERNA |
| 650 ## - Materia General | |
| Materia general | ACTAS |
| 650 ## - Materia General | |
| Materia general | CIRCULAR |
| 650 ## - Materia General | |
| Materia general | INFORMES |
| 650 ## - Materia General | |
| Materia general | MEMORANDOS |
| 650 ## - Materia General | |
| Materia general | COMUNICACIÓN EXTERNA |
| 650 ## - Materia General | |
| Materia general | TELÉGRAFOS |
| 650 ## - Materia General | |
| Materia general | CORRESPONDENCIA COMERCIAL |
| 650 ## - Materia General | |
| Materia general | CARTA COMERCIAL |
| 650 ## - Materia General | |
| Materia general | CARTA DE SOLICITUD |
| 650 ## - Materia General | |
| Materia general | CARTA DE PEDIDO |
| 650 ## - Materia General | |
| Materia general | CARTA DE AGRADECIMIENTO |
| 650 ## - Materia General | |
| Materia general | CARTA DE RECLAMACIÓN |
| 650 ## - Materia General | |
| Materia general | CARTA DE IMPAGOS |
| 650 ## - Materia General | |
| Materia general | DOCUMENTOS OFICIALES |
| 650 ## - Materia General | |
| Materia general | DOCUMENTOS MERCANTILES |
| 650 ## - Materia General | |
| Materia general | FACTURA ELECTRÓNICA |
| 650 ## - Materia General | |
| Materia general | LETRA DE CAMBIO |
| 650 ## - Materia General | |
| Materia general | CONTRATO DE TRABAJO |
| 650 ## - Materia General | |
| Materia general | ARCHIVO |
| 650 ## - Materia General | |
| Materia general | CLASIFICACIÓN DE DOCUMENTOS |
| 650 ## - Materia General | |
| Materia general | SIMPOSIO |
| 650 ## - Materia General | |
| Materia general | EVENTOS CORPORATIVOS |
| 650 ## - Materia General | |
| Materia general | PROTOCOLO |
| 650 ## - Materia General | |
| Materia general | EQUIPOS DE TRABAJO |
| 650 ## - Materia General | |
| Materia general | ATENCIÓN AL CLIENTE |
| 650 ## - Materia General | |
| Materia general | MEDIOS ELECTRÓNICOS |
| 650 ## - Materia General | |
| Materia general | VIAJES |
| 650 ## - Materia General | |
| Materia general | PRÁCTICAS INFORMÁTICAS |
| 942 ## - Punto de Acceso Adicional Koha | |
| Tipo de ítem Koha | Libro |
| Estado perdido | Estado dañado | No para préstamo | Biblioteca permanente | Biblioteca actual | Signatura completa | Código de barras | Precio efectivo a partir del | Tipo de ítem |
|---|---|---|---|---|---|---|---|---|
| Departamento de Biblioteca y Documentación Alfonso Chase Brenes | Departamento de Biblioteca y Documentación Alfonso Chase Brenes | 658 M891m | 24693 | 06/11/2019 | Libro |